• 首页
  • 本馆介绍
  • 公告通知
  • 最新文献
  • 馆藏检索
  • 电子资源
  • 读者导购
  • 参考咨询
  • 我的图书馆
  • 登录
  • 详细信息显示
  • 放入我的书架
  • 预约/预借图书
  • 作者相关作品
  • 分类相关作品
  • 丛书相关作品
  • 出版社相关作品

书目信息

  • 表格格式
  • 工作单格式
  • 卡片格式
题名:
因材施教
    
 
作者: 阿多特 著 ;许洪珍 , 李彤韵 译
分册:  
出版信息: 北京   中国人民大学出版社  2018.10
页数: 190页
开本: 21cm
丛书名:
单 册:
中图分类: G422
科图分类:
主题词: 因材施教--yin cai shi jiao--研究
电子资源:
ISBN: 978-7-300-26207-9
000 01144nam0 2200265 450
001 0104125643
005 20201104125714.0
010    @a978-7-300-26207-9@b精装@dCNY39.00
100    @a20190109d2018 em y0chiy50 ea
101 1  @achi@ceng
102    @aCN@b110000
105    @ay z 000yy
106    @ar
200 1  @a因材施教@Ayin cai shi jiao@e个性化教学的灵感与艺术@dOne on one 101@ethe art of inspired & effective individualized instruction@f(美)罗伯特·阿多特(Robert Ahdoot)著@g许洪珍,李彤韵译@zeng
210    @a北京@c中国人民大学出版社@d2018.10
215    @a190页@d21cm
330    @a本书阐述了一整套可靠、直观、高效的实践策略,比如正视学习者过去的经历,创造和保护适宜的学习空间,适当运用沉默和赞美,彻底解决学生的沮丧情绪等,同时示范了具体而简明的教学操作方式。
510 1  @aOne on one 101@ethe art of inspired & effective individualized instruction@zeng
606 0  @a因材施教@Ayin cai shi jiao@x研究
690    @aG422@v5
701  0 @c(美)@a阿多特@Aa duo te@c(Ahdoot, Robert)@4著
702  0 @a许洪珍@Axu hong zhen@4译
702  0 @a李彤韵@Ali tong yun@4译
801  0 @aCN@bBJSZM@c20201104
905    @b1261766-9@dG422@e464@f4
    
    因材施教:个性化教学的灵感与艺术=One on one 101:the art of inspired & effective individualized instruction/(美)罗伯特·阿多特(Robert Ahdoot)著/许洪珍,李彤韵译.-北京:中国人民大学出版社,2018.10
    190页;21cm
    
    
    ISBN 978-7-300-26207-9(精装):CNY39.00
    本书阐述了一整套可靠、直观、高效的实践策略,比如正视学习者过去的经历,创造和保护适宜的学习空间,适当运用沉默和赞美,彻底解决学生的沮丧情绪等,同时示范了具体而简明的教学操作方式。
●
相关链接 在E读中查询图书 在五车中查询图书 在当当中查询图书 在豆瓣中查询图书


正题名:因材施教     索取号:G422/464         预约/预借

序号 登录号 条形码 馆藏地/架位号 状态 备注
1 1261766   212617667   第一样本阅览室/ [索取号:G422/464] 在馆    
2 1261767   212617676   教育系资料室/ [索取号:G422/464] 在馆    
3 1261768   212617685   教育系资料室/ [索取号:G422/464] 在馆    
4 1261769   212617694   第四借阅区/ [索取号:G422/464] 在馆    
唐山师范学院图书馆 欢迎您!
大连网信软件有限公司© 版权所有